| 000 | 00874cam a22002775a 4500 | ||
|---|---|---|---|
| 001 | 017133233 | ||
| 003 | OSt | ||
| 005 | 20201128023919.0 | ||
| 008 | 150326t2016 nyua frbd 001 0 eng d | ||
| 020 | _a9781259252419 | ||
| 020 | _a1259252418 | ||
| 040 |
_aStDuBDS _beng _cStDuBDS _dUk _dEG-ScBUE _dEG-ScBUE |
||
| 082 | 0 | 4 |
_a155 _222 _bSAN |
| 100 | 1 |
_aSantrock, John W. _912856 |
|
| 245 | 1 | 0 |
_aEssentials of life-span development / _cJohn W. Santrock. |
| 250 | _a4th ed., International student ed. | ||
| 260 |
_aNew York : _bMcGraw-Hill, _cc.2016. |
||
| 300 |
_a1 v. (various pagings) : _bill. ; _c28 cm. |
||
| 500 | _aIncludes glossary. | ||
| 504 | _aIncludes bibliographical references and indexes. | ||
| 650 | 7 |
_aDevelopmental psychology. _2BUEsh _9952 |
|
| 651 | _2BUEsh | ||
| 653 |
_bNNUR _cOctober2016 _cNovember2016 |
||
| 653 |
_bNNUR _cDecember2016 |
||
| 942 | _2ddc | ||
| 999 |
_c22726 _d22698 |
||